000 00549nam a2200205 a 4500
001 23013
003 CO-ViMGA
008 141112s2004 ck r 000 u spa d
020 _a9580485968
040 _aCO-ViMGA
_bspa
_cCO-ViMGA
082 0 4 _aMACh
100 1 _aMachado, Ana Maria
_915936
245 1 0 _aUn montòn de unicornios
260 _aColombia :
_bNorma
300 _a48p.
505 _aUn montòn de unicornios
650 1 4 _aCUENTOS INFANTILES BRASILEÑOS
_92375
650 1 4 _aUNICORNIIOS - CUENTOS INFANTILES
_933080
942 _2ddc
_cBK
999 _c31299
_d31299